[Event "42nd Olympiad 2016"]
[Site "Baku AZE"]
[Date "2016.09.10"]
[Round "8.25"]
[Board "3"]
[White "Mushore, Emarald Takudzwa"]
[Black "Dzhumaev, Marat"]
[Result "0-1"]
[BlackTitle "GM"]
[WhiteElo "2187"]
[BlackElo "2450"]
[WhiteTeam "Zimbabwe"]
[BlackTeam "Uzbekistan"]
[WhiteFideId "11309504"]
[BlackFideId "14200236"]
[EventDate "2016.09.02"]

1. e4 g6 2. d4 d6 3. Nc3 c6 4. a4 Bg7 5. Nf3 Nf6 6. Be2 O-O 7. O-O Nbd7 8. e5
Ne8 9. Bf4 d5 10. Re1 Nc7 11. Qd2 Nb6 12. h3 Be6 13. Bf1 Rc8 14. Ne2 Nc4 15. Qc1
Na6 16. Ng3 c5 17. Bh6 Qd7 18. b3 Na5 19. Nh5 Bh8 20. Bxf8 Rxf8 21. Nf4 Nc6 22.
c3 cxd4 23. Bxa6 bxa6 24. cxd4 Bg7 25. Nd3 Bf5 26. Nc5 Qd8 27. a5 Nb8 28. Qd2 f6
29. Rac1 Nd7 30. Nxd7 Qxd7 31. e6 Qd6 32. Qe3 g5 33. Rc5 h5 34. h4 g4 35. Nd2
Bg6 36. Qg3 Qd8 37. b4 f5 38. Qf4 Qb8 39. Qxb8 Rxb8 40. Rxd5 Rxb4 41. Rd8+ Kh7
42. d5 Bd4 43. Nf1 Rb2 44. Ne3 f4 45. Nd1 Rd2 46. Rf8 f3 47. g3 Re2 48. Kf1 Bd3
49. Rxe2 fxe2+ 50. Ke1 exd1=Q+ 51. Kxd1 Bc5 52. Kd2 Be4 53. Kc3 Kg6 54. Kc4 Bd6
55. Kd4 Bf3 56. Ra8 Be2 57. Rxa7 Kf5 58. Ra8 Be5+ 59. Kc5 Ke4 60. Rf8 Bb5 61.
Rf7 Bd6+ 62. Kb6 Ke5 63. Rh7 Kxd5 64. Rxh5+ Be5 65. Rg5 Be2 66. h5 Kxe6 67. h6
Bd4+ 68. Kb7 Bd3 69. Rxg4 Bxf2 70. Rg7 Bd4 71. Rg4 Bf6 72. Rf4 Kf7 73. h7 Kg7
74. Ka7 0-1

[Event "42nd Olympiad 2016"]
[Site "Baku AZE"]
[Date "2016.09.10"]
[Round "8.25"]
[Board "4"]
[White "Yakubboev, Nodirbek"]
[Black "Chimbamu, Elisha"]
[Result "1-0"]
[WhiteElo "2431"]
[BlackElo "2114"]
[WhiteTeam "Uzbekistan"]
[BlackTeam "Zimbabwe"]
[WhiteFideId "14203987"]
[BlackFideId "11000449"]
[EventDate "2016.09.02"]

1. e4 c5 2. Nc3 Nc6 3. g3 g6 4. Bg2 Bg7 5. d3 e6 6. Be3 d6 7. Qd2 Nd4 8. Nge2
Ne7 9. O-O O-O 10. f4 Rb8 11. Bf2 Nec6 12. Nxd4 Nxd4 13. Nd1 b6 14. c3 Nc6 15.
Ne3 b5 16. a3 a5 17. a4 b4 18. e5 Bb7 19. Nc4 d5 20. Nd6 Qb6 21. c4 d4 22. b3
Ba8 23. Rae1 Nd8 24. Bxa8 Rxa8 25. Ne4 Nc6 26. g4 h6 27. Bh4 Ra7 28. Nf6+ Bxf6
29. Bxf6 Kh7 30. Rf3 Ne7 31. Rh3 Ng8 32. Qf2 Raa8 33. Qh4 1-0

[Event "42nd Olympiad 2016"]
[Site "Baku AZE"]
[Date "2016.09.10"]
[Round "8.26"]
[Board "1"]
[White "Blomqvist, Erik"]
[Black "Arab, Adlane"]
[Result "1-0"]
[WhiteTitle "GM"]
[BlackTitle "IM"]
[WhiteElo "2545"]
[BlackElo "2493"]
[WhiteTeam "Sweden"]
[BlackTeam "Algeria"]
[WhiteFideId "1709437"]
[BlackFideId "7900872"]
[EventDate "2016.09.02"]

1. e4 c5 2. Nf3 Nc6 3. Bb5 g6 4. Bxc6 dxc6 5. d3 Bg7 6. h3 Nf6 7. Nc3 Nd7 8. Be3
e5 9. Qd2 h6 10. O-O Qe7 11. Nh2 Nf8 12. f4 exf4 13. Bxf4 Ne6 14. Bg3 Nd4 15. e5
Bf5 16. Rae1 O-O-O 17. Ne4 Bxe4 18. Rxe4 b6 19. Nf3 Nxf3+ 20. Rxf3 Qe6 21. Qc3
Rhe8 22. a3 Rd5 23. Qe1 Red8 24. b4 R8d7 25. Kh1 Kb7 26. Qb1 Rd4 27. Re1 cxb4
28. axb4 Re7 29. c4 g5 30. Qa1 g4 31. hxg4 Rxg4 32. b5 c5 33. Rf6 Qc8 34. Rc6
Qd8 35. Bh2 Rh4 36. Re3 Re6 37. Qf1 Bxe5 38. g3 Rxh2+ 39. Kxh2 Re7 40. Rxh6 1-0

[Event "42nd Olympiad 2016"]
[Site "Baku AZE"]
[Date "2016.09.10"]
[Round "8.26"]
[Board "2"]
[White "Oussedik, Mahfoud"]
[Black "Hillarp Persson, Tiger"]
[Result "1/2-1/2"]
[WhiteTitle "FM"]
[BlackTitle "GM"]
[WhiteElo "2280"]
[BlackElo "2523"]
[WhiteTeam "Algeria"]
[BlackTeam "Sweden"]
[WhiteFideId "7901810"]
[BlackFideId "1700812"]
[EventDate "2016.09.02"]

1. Nf3 Nf6 2. g3 b6 3. Bg2 Bb7 4. c4 g6 5. b3 Bg7 6. Bb2 O-O 7. O-O d6 8. d3
Nbd7 9. Qc2 a6 10. Nc3 c5 11. a3 Rc8 12. Nd2 Bxg2 13. Kxg2 e6 14. e4 d5 15. Ne2
d4 16. h3 e5 17. f4 Ne8 18. Rae1 Nd6 19. Bc1 f5 20. fxe5 Bxe5 21. exf5 Nxf5 22.
Ne4 Nf6 23. Nf4 Bxf4 24. Nxf6+ Qxf6 25. Bxf4 Rce8 26. Qd2 Ne3+ 27. Bxe3 Qc6+ 28.
Kh2 Rxf1 29. Rxf1 Rxe3 30. Re1 Qe6 31. Rxe3 dxe3 32. Qe2 g5 33. Kg2 h5 34. Kf3
Qxh3 35. Qxe3 Qf5+ 36. Kg2 Kf7 37. b4 Kf6 38. bxc5 bxc5 39. Qe8 Qxd3 40. Qf8+
Ke6 41. Qxc5 Qe2+ 42. Kg1 Qe1+ 43. Kg2 Qe4+ 44. Kg1 Qe1+ 45. Kg2 Qd2+ 46. Kg1
Qe1+ 1/2-1/2

[Event "42nd Olympiad 2016"]
[Site "Baku AZE"]
[Date "2016.09.10"]
[Round "8.26"]
[Board "3"]
[White "Smith, Axel"]
[Black "Belouadah, Saad"]
[Result "0-1"]
[WhiteTitle "GM"]
[BlackTitle "IM"]
[WhiteElo "2516"]
[BlackElo "2340"]
[WhiteTeam "Sweden"]
[BlackTeam "Algeria"]
[WhiteFideId "1707930"]
[BlackFideId "7900856"]
[EventDate "2016.09.02"]

1. e4 d5 2. exd5 Nf6 3. d4 Nxd5 4. Nf3 g6 5. c4 Nb6 6. Nc3 Bg7 7. c5 Nd5 8. Bc4
Nf6 9. O-O O-O 10. Ne5 Nc6 11. Nxc6 bxc6 12. Re1 Bf5 13. Bf4 Nd5 14. Be5 Rb8 15.
Qd2 e6 16. Rad1 Bxe5 17. Rxe5 Qh4 18. g3 Qf6 19. Be2 h5 20. Nxd5 cxd5 21. Re3 c6
22. b4 Rfe8 23. a4 Kg7 24. b5 Rec8 25. Qb4 Bc2 26. Rc1 Be4 27. f3 Bf5 28. b6 g5
29. a5 h4 30. g4 Bg6 31. Qd2 Qf4 32. Rd1 Re8 33. Rb3 e5 34. Qxf4 exf4 35. Kf2
Bc2 36. Rdb1 Bxb1 37. Rxb1 Re3 38. bxa7 Rxb1 39. a8=Q Rb2 40. Qa6 h3 41. Ke1
Rb1+ 42. Kf2 Rb2 43. Ke1 Rb1+ 44. Kf2 Rh1 45. Bf1 Ra3 46. Qxc6 Ra2+ 47. Ke1
Rhxh2 48. Qxd5 Ra1# 0-1

[Event "42nd Olympiad 2016"]
[Site "Baku AZE"]
[Date "2016.09.10"]
[Round "8.26"]
[Board "4"]
[White "Bengherabi, Khalil"]
[Black "Westerberg, Jonathan"]
[Result "0-1"]
[WhiteTitle "FM"]
[BlackTitle "IM"]
[WhiteElo "2241"]
[BlackElo "2491"]
[WhiteTeam "Algeria"]
[BlackTeam "Sweden"]
[WhiteFideId "7900325"]
[BlackFideId "1701754"]
[EventDate "2016.09.02"]

1. e4 e6 2. d4 d5 3. Nc3 Nf6 4. Bg5 dxe4 5. Nxe4 Be7 6. Bxf6 gxf6 7. Nf3 f5 8.
Nc3 a6 9. g3 b5 10. Bg2 Bb7 11. O-O c5 12. Re1 cxd4 13. Qxd4 Qxd4 14. Nxd4 Bxg2
15. Kxg2 Ra7 16. Rad1 O-O 17. Rd3 Rc8 18. Re2 Nc6 19. Nxc6 Rxc6 20. a4 Rac7 21.
axb5 axb5 22. Nxb5 Rxc2 23. Kf3 R7c5 24. Nc3 Rc1 25. Ke3 Kg7 26. Rd1 R5xc3+ 27.
bxc3 Rxd1 0-1

[Event "42nd Olympiad 2016"]
[Site "Baku AZE"]
[Date "2016.09.10"]
[Round "8.27"]
[Board "1"]
[White "Utegaliyev, Azamat"]
[Black "Guillen Ramirez, Jose Antonio"]
[Result "1-0"]
[BlackTitle "FM"]
[WhiteElo "2513"]
[BlackElo "2269"]
[WhiteTeam "Kazakhstan"]
[BlackTeam "Honduras"]
[WhiteFideId "13702467"]
[BlackFideId "8400016"]
[EventDate "2016.09.02"]

1. c4 e5 2. Nc3 Nf6 3. g3 Nc6 4. Bg2 Bb4 5. e4 Bxc3 6. bxc3 d6 7. Ne2 Be6 8. d3
O-O 9. h3 Nd7 10. g4 Ne7 11. g5 f5 12. gxf6 Nxf6 13. f4 exf4 14. Nxf4 Qd7 15.
O-O Rae8 16. Kh2 b6 17. Be3 Bf7 18. Bd4 Bg6 19. h4 Ng4+ 20. Kg3 h5 21. Bh3 c5
22. Bg1 Rf6 23. Bxg4 Qxg4+ 24. Qxg4 hxg4 25. Nxg6 Nxg6 26. Rxf6 gxf6 27. Rd1 Kf7
28. Kxg4 Ne5+ 29. Kh3 Rg8 30. Bh2 Ng4 31. Bg3 Ne3 32. Re1 Ng4 33. d4 Ke6 34. d5+
Ke7 35. Re2 Nh6 36. Bf4 Nf7 37. Rg2 Rh8 38. Rg6 Rh7 39. Kg4 Rh8 40. h5 Rh7 41.
h6 1-0

[Event "42nd Olympiad 2016"]
[Site "Baku AZE"]
[Date "2016.09.10"]
[Round "8.27"]
[Board "2"]
[White "Colindres, Daniel"]
[Black "Kazhgaleyev, Murtas"]
[Result "0-1"]
[WhiteTitle "FM"]
[BlackTitle "GM"]
[WhiteElo "2166"]
[BlackElo "2594"]
[WhiteTeam "Honduras"]
[BlackTeam "Kazakhstan"]
[WhiteFideId "8400040"]
[BlackFideId "13700316"]
[EventDate "2016.09.02"]

1. e4 e6 2. d3 c5 3. Nf3 Nc6 4. g3 Nf6 5. Bg2 g6 6. O-O Bg7 7. Qe2 O-O 8. c3 d5
9. e5 Ng4 10. d4 cxd4 11. cxd4 f6 12. h3 Nh6 13. Rd1 fxe5 14. dxe5 Nf7 15. Bf4
g5 16. Be3 Ncxe5 17. Nxe5 Bxe5 18. Nc3 Qf6 19. Rac1 Bd7 20. Ne4 Qg6 21. Nc5 Bc6
22. b4 a6 23. a4 b6 24. Nxa6 Bxa4 25. Re1 d4 26. Bxa8 Rxa8 27. Bd2 Bb3 28. b5
Bd6 29. Qg4 Ne5 30. Rxe5 Bxe5 31. Nb4 Rf8 32. Nc6 Bf6 33. Bb4 h5 34. Qe2 Re8 35.
Ne5 Qh7 36. Qf3 Bxe5 37. Qxb3 Qf5 38. Kg2 d3 39. Qc4 Rd8 40. Qc6 Bd4 41. Re1
Qxf2+ 42. Kh1 Qf5 43. Kh2 Rf8 0-1

[Event "42nd Olympiad 2016"]
[Site "Baku AZE"]
[Date "2016.09.10"]
[Round "8.27"]
[Board "3"]
[White "Ismagambetov, Anuar"]
[Black "Huguet, Sergio"]
[Result "1-0"]
[WhiteTitle "GM"]
[BlackTitle "FM"]
[WhiteElo "2542"]
[BlackElo "2099"]
[WhiteTeam "Kazakhstan"]
[BlackTeam "Honduras"]
[WhiteFideId "13701525"]
[BlackFideId "2212552"]
[EventDate "2016.09.02"]

1. e4 c5 2. Nf3 Nc6 3. d4 cxd4 4. Nxd4 g6 5. c4 Bg7 6. Be3 Nf6 7. Nc3 d6 8. Be2
O-O 9. O-O Nxd4 10. Bxd4 Nd7 11. Bxg7 Kxg7 12. Qd2 b6 13. f4 Bb7 14. Rad1 Rc8
15. e5 Nc5 16. exd6 Qxd6 17. Qxd6 exd6 18. Rxd6 Rfe8 19. Rd2 Ne4 20. Nxe4 Bxe4
21. Rfd1 Rc7 22. Bf1 f5 23. Rd7+ Re7 24. Rxc7 Rxc7 25. Rd2 Kf6 26. Kf2 Ke6 27.
Ke3 a5 28. a3 Ke7 29. g3 Ra7 30. Be2 Ra8 31. Rd4 Ra7 32. Kd2 Ra8 33. Kc3 h6 34.
Bd3 Bxd3 35. Rxd3 Rc8 36. b4 axb4+ 37. axb4 Ra8 38. c5 bxc5 39. bxc5 Ra2 40. Rd2
Ra6 41. Kb4 g5 42. Kb5 Ra1 43. c6 gxf4 44. gxf4 Rb1+ 45. Ka6 Rb4 46. c7 Rc4 47.
Kb6 Rc1 48. Rd8 1-0

[Event "42nd Olympiad 2016"]
[Site "Baku AZE"]
[Date "2016.09.10"]
[Round "8.27"]
[Board "4"]
[White "Medina Viana, Ricardo"]
[Black "Kostenko, Petr"]
[Result "0-1"]
[WhiteTitle "CM"]
[BlackTitle "GM"]
[WhiteElo "2016"]
[BlackElo "2476"]
[WhiteTeam "Honduras"]
[BlackTeam "Kazakhstan"]
[WhiteFideId "8400342"]
[BlackFideId "13700669"]
[EventDate "2016.09.02"]

1. d4 d5 2. e3 Bf5 3. Nd2 Nf6 4. Ngf3 e6 5. c3 h6 6. Qb3 Qc8 7. Ne5 c6 8. Be2
Nbd7 9. f4 Be7 10. O-O Qc7 11. Nxd7 Qxd7 12. Nf3 Qc7 13. Ne5 Ne4 14. Qd1 O-O 15.
Bg4 Bxg4 16. Qxg4 Bd6 17. Nd3 c5 18. Nf2 f5 19. Qf3 Kh7 20. Nxe4 dxe4 21. Qd1
Rad8 22. Bd2 g5 23. g3 Rg8 24. Kh1 Rg6 25. Qe2 Rdg8 26. Rac1 Qc6 27. b4 gxf4 28.
gxf4 cxd4 29. cxd4 Qd5 30. Ra1 Rg4 31. h3 Rg3 32. Kh2 a6 33. a3 Qb3 34. Rg1 Bxf4
35. Rxg3 Bxg3+ 36. Kh1 Rg7 37. Rg1 Qxa3 38. Qc4 Rg6 39. Be1 Qd3 40. Qc8 f4 41.
Qd7+ Rg7 42. Qxe6 Qxe3 43. Qf5+ Kg8 44. Qc8+ Kf7 45. Qf5+ Ke7 46. Qe5+ Kf8 47.
Qf6+ Ke8 48. Qe5+ Kd8 49. Qb8+ Kd7 50. Qxb7+ Ke6 51. Qc6+ Kf5 52. Qd5+ Kg6 53.
h4 Qf3+ 54. Rg2 Qf1+ 0-1

[Event "42nd Olympiad 2016"]
[Site "Baku AZE"]
[Date "2016.09.10"]
[Round "8.28"]
[Board "1"]
[White "Fier, Alexandr"]
[Black "Nikolov, Momchil"]
[Result "1-0"]
[WhiteTitle "GM"]
[BlackTitle "GM"]
[WhiteElo "2634"]
[BlackElo "2585"]
[WhiteTeam "Brazil"]
[BlackTeam "Bulgaria"]
[WhiteFideId "2107139"]
[BlackFideId "2905710"]
[EventDate "2016.09.02"]

1. d4 Nf6 2. c4 e6 3. Nf3 d5 4. Nc3 c5 5. e3 Nc6 6. cxd5 exd5 7. Bb5 cxd4 8.
Nxd4 Bd7 9. O-O Bd6 10. Nf3 Be6 11. b3 O-O 12. Bb2 a6 13. Bxc6 bxc6 14. Rc1 c5
15. Na4 Ne4 16. Nd2 Qh4 17. f4 Bg4 18. Nf3 Qh5 19. Nb6 Rad8 20. Qxd5 Bf5 21. Qc6
Qh6 22. Be5 Qe6 23. Nc4 Rc8 24. Qa4 Be7 25. Ba1 h5 26. Nce5 h4 27. Qc4 h3 28. g4
Bxg4 29. Qxe4 f6 30. Qc4 fxe5 31. Nxe5 Qxc4 32. Nxc4 Bf5 33. e4 Bd7 34. Nb6 Rcd8
35. Nxd7 Rxd7 36. Rc3 Rd2 37. Rxh3 Rxa2 38. Rg3 Rf7 39. f5 Bd6 40. Rg2 Rxg2+ 41.
Kxg2 Rb7 42. e5 Be7 43. Rf3 Rb4 44. Rg3 Kf8 45. e6 Bf6 46. Bxf6 gxf6 47. Rc3 Rb5
48. Kg3 Ke7 49. Kg4 Kd6 50. Rd3+ Ke7 51. Rd5 Ke8 52. Kh5 c4 53. bxc4 Rxd5 54.
cxd5 a5 55. d6 a4 56. d7+ Ke7 57. Kg6 a3 58. d8=Q+ Kxd8 59. Kf7 a2 60. e7+ Kc7
61. e8=Q a1=Q 62. Qe7+ Kb8 63. h4 1-0

[Event "42nd Olympiad 2016"]
[Site "Baku AZE"]
[Date "2016.09.10"]
[Round "8.28"]
[Board "2"]
[White "Iotov, Valentin"]
[Black "Leitao, Rafael"]
[Result "1/2-1/2"]
[WhiteTitle "GM"]
[BlackTitle "GM"]
[WhiteElo "2518"]
[BlackElo "2616"]
[WhiteTeam "Bulgaria"]
[BlackTeam "Brazil"]
[WhiteFideId "2906074"]
[BlackFideId "2101246"]
[EventDate "2016.09.02"]

1. c4 Nf6 2. Nc3 e6 3. e4 d5 4. e5 d4 5. exf6 dxc3 6. bxc3 Qxf6 7. Nf3 b6 8. d4
Bb7 9. Bd3 h6 10. O-O Bd6 11. Nd2 Qh4 12. g3 Qe7 13. a4 Nd7 14. a5 Rb8 15. Ne4
O-O 16. axb6 axb6 17. Re1 Nf6 18. Qf3 Nxe4 19. Bxe4 c5 20. Rb1 Bxe4 21. Qxe4
cxd4 22. cxd4 Qc7 23. Be3 Qxc4 24. Rec1 Qa6 25. Rc6 Rfd8 26. Qg4 Bf8 27. Rc7 Rb7
28. Rbc1 Rxc7 29. Rxc7 Qa1+ 30. Kg2 Qa8+ 31. Kg1 Rc8 32. Rxc8 Qxc8 33. d5 b5 34.
Bxh6 f5 35. Qg6 exd5 36. Be3 b4 37. Bd4 Qd7 38. h4 Qf7 39. Qc6 Kh7 40. Kg2 g6
41. f3 Bg7 42. Bxg7 Kxg7 43. Qb6 Qe7 44. Qd4+ Kh7 45. Qxd5 1/2-1/2

[Event "42nd Olympiad 2016"]
[Site "Baku AZE"]
[Date "2016.09.10"]
[Round "8.28"]
[Board "3"]
[White "El Debs, Felipe de Cresce"]
[Black "Rusev, Krasimir"]
[Result "1/2-1/2"]
[WhiteTitle "GM"]
[BlackTitle "GM"]
[WhiteElo "2523"]
[BlackElo "2548"]
[WhiteTeam "Brazil"]
[BlackTeam "Bulgaria"]
[WhiteFideId "2106981"]
[BlackFideId "2905434"]
[EventDate "2016.09.02"]

1. e4 e6 2. d4 d5 3. Nd2 c5 4. c3 cxd4 5. cxd4 dxe4 6. Nxe4 Nf6 7. Bd3 Bd7 8.
Nc3 Bc6 9. Nf3 Nbd7 10. O-O Be7 11. Re1 O-O 12. Bc2 Qb6 13. Qe2 Rfe8 14. Bg5 Nd5
15. Qd3 Nf8 16. Bxe7 Rxe7 17. Bb3 Rd8 18. Nxd5 Bxd5 19. Bxd5 Rxd5 20. Rac1 Red7
21. b3 Ng6 22. Rc8+ Rd8 23. Rec1 Ne7 24. Rxd8+ Qxd8 25. Qe4 Nc6 26. g3 g6 27.
Kg2 Qd6 28. h4 Kg7 29. Rc2 h6 30. Rc1 a6 31. Rc2 b5 32. Rc1 Nxd4 33. Nxd4 Rxd4
34. Rc6 Rxe4 35. Rxd6 a5 36. Rb6 Re5 37. a3 Rd5 38. Ra6 b4 39. axb4 axb4 40. Rb6
Rd4 41. Kf1 g5 42. hxg5 hxg5 43. Ke2 e5 44. Ke3 f5 45. Re6 Re4+ 46. Kd3 Kf7 47.
Rb6 Rd4+ 48. Ke3 Ke7 49. Rg6 Rd6 50. Rxg5 Kf6 51. Rh5 Rd1 52. Rh6+ Kg5 53. Rb6
Re1+ 54. Kd2 Re4 55. f3 Rd4+ 56. Ke3 f4+ 57. gxf4+ Rxf4 58. Rb8 Rd4 59. Rg8+ Kf5
60. Rg4 Rd1 61. Rxb4 Re1+ 62. Kf2 Rb1 63. Ke2 Ke6 64. Rb8 Kf5 65. Rb6 Kf4 66.
Rb4+ Kf5 67. Kf2 Ke6 68. Rb8 Kf5 69. Ke3 Re1+ 70. Kd2 Rf1 71. Rf8+ Ke6 72. Kd3
Ke7 73. Ke2 Rb1 74. Rb8 Ke6 75. Kd3 Rf1 76. Re8+ Kf5 77. Rf8+ Ke6 78. b4 Ke7 79.
Ke2 Rb1 80. Rb8 Kd6 81. Kd3 Rd1+ 82. Ke4 Rd4+ 83. Ke3 Rc4 84. b5 Rc3+ 85. Ke4
Rc4+ 86. Kd3 Rd4+ 87. Ke3 Rb4 88. b6 Rb3+ 89. Ke4 Rb4+ 90. Kd3 Rb3+ 91. Kc4 Rxf3
92. Rc8 Rf7 93. Kb5 e4 94. Rc6+ Ke5 95. Rc7 Rf1 96. Rc5+ Kf4 97. Rc4 Rb1+ 98.
Rb4 Rh1 99. b7 Rh8 100. Kc4 Rb8 101. Kd5 Kf3 102. Kc6 e3 103. Kc7 Rxb7+ 104.
Kxb7 e2 105. Rb1 Kf2 106. Ka8 e1=R 107. Rxe1 Kxe1 1/2-1/2

[Event "42nd Olympiad 2016"]
[Site "Baku AZE"]
[Date "2016.09.10"]
[Round "8.28"]
[Board "4"]
[White "Petrov, Martin"]
[Black "Di Berardino, Diego Rafael"]
[Result "1/2-1/2"]
[WhiteTitle "IM"]
[BlackTitle "IM"]
[WhiteElo "2458"]
[BlackElo "2499"]
[WhiteTeam "Bulgaria"]
[BlackTeam "Brazil"]
[WhiteFideId "2911086"]
[BlackFideId "2105446"]
[EventDate "2016.09.02"]

1. e4 e5 2. Nf3 Nc6 3. Bc4 Bc5 4. c3 Nf6 5. d4 exd4 6. e5 d5 7. Bb5 Ne4 8. cxd4
Bb6 9. Nc3 O-O 10. Be3 Bg4 11. h3 Bh5 12. O-O Ne7 13. Bd3 Bg6 14. Nh4 f5 15.
Nxg6 Nxg6 16. f4 Kh8 17. Na4 c6 18. b4 a6 19. Rb1 Ba7 20. Qb3 b5 21. Nc3 a5 22.
a3 axb4 23. axb4 Bb6 24. Ne2 Qh4 25. Rbc1 Ne7 26. Kh2 Qh6 27. Ra1 Qg6 28. Ra3 h6
29. Rfa1 Rab8 30. Ra6 Qh5 31. Rf1 g5 32. Qa2 Qg6 33. g3 Rg8 34. Rg1 Qh5 35. Rf1
Qg6 36. Qa1 Qh5 37. Qe1 g4 38. h4 Rgc8 39. Qa1 Qe8 40. Qb2 Qd8 41. Rfa1 h5 42.
Kg2 Kh7 43. Nc1 Ng6 44. Bf2 Kh6 45. Nb3 Ra8 46. Be1 Rxa6 47. Rxa6 Ra8 48. Qa1
Rxa6 49. Qxa6 Qb8 50. Bxe4 dxe4 51. d5 cxd5 52. Qxb5 Qa7 53. Na5 1/2-1/2

[Event "42nd Olympiad 2016"]
[Site "Baku AZE"]
[Date "2016.09.10"]
[Round "8.29"]
[Board "1"]
[White "Kadric, Denis"]
[Black "Ziska, Helgi Dam"]
[Result "0-1"]
[WhiteTitle "GM"]
[BlackTitle "IM"]
[WhiteElo "2583"]
[BlackElo "2546"]
[WhiteTeam "Bosnia & Herzegovina"]
[BlackTeam "Faroe Isles"]
[WhiteFideId "14403803"]
[BlackFideId "7200595"]
[EventDate "2016.09.02"]

1. e4 c5 2. Be2 Nc6 3. f4 g6 4. Nf3 Bg7 5. O-O d6 6. c3 e6 7. Kh1 f5 8. exf5
gxf5 9. Ng5 Nf6 10. Bh5+ Nxh5 11. Qxh5+ Kd7 12. Re1 Qe8 13. Qh3 Nd8 14. d4 h6
15. Nf3 b6 16. Be3 Qg6 17. dxc5 bxc5 18. Qh4 Rg8 19. Qf2 Bb7 20. Nbd2 Bd5 21.
Rad1 Rb8 22. Nb3 Kc7 23. c4 Bc6 24. Rd2 Nb7 25. Red1 Bf8 26. Nc1 Qh5 27. Ne2 a5
28. Nc3 Rd8 29. Rf1 Be7 30. a3 Rg4 31. Ne2 Rdg8 32. Neg1 Bh4 33. Qe2 Rxg2 34.
Qxg2 Rxg2 35. Rxg2 a4 36. Bd2 Bf6 37. Be1 Bd4 38. Rg3 Bxb2 39. Rh3 Qg6 40. Rg3
Qf7 41. Ne2 e5 42. fxe5 dxe5 0-1

[Event "42nd Olympiad 2016"]
[Site "Baku AZE"]
[Date "2016.09.10"]
[Round "8.29"]
[Board "2"]
[White "Rodgaard, John"]
[Black "Stojanovic, Dalibor"]
[Result "1/2-1/2"]
[WhiteTitle "IM"]
[BlackTitle "GM"]
[WhiteElo "2345"]
[BlackElo "2505"]
[WhiteTeam "Faroe Isles"]
[BlackTeam "Bosnia & Herzegovina"]
[WhiteFideId "7200013"]
[BlackFideId "922692"]
[EventDate "2016.09.02"]

1. c4 g6 2. e4 d6 3. d4 Bg7 4. Nc3 Nf6 5. Nf3 O-O 6. Be2 Bg4 7. Be3 Nfd7 8. Ng1
Bxe2 9. Ngxe2 a6 10. O-O c5 11. f3 Nc6 12. Qd2 Qa5 13. dxc5 Nde5 14. cxd6 Nxc4
15. Qc1 Nxe3 16. dxe7 Nxf1 17. exf8=Q+ Rxf8 18. Kxf1 Ne5 19. Nd5 f5 20. Qc3 Qd8
21. Qb3 fxe4 22. Nf6+ Kh8 23. Nxe4 b5 24. a4 Qb6 25. axb5 axb5 26. Qd5 Nc4 27.
Qc5 Qxc5 28. Nxc5 Bxb2 29. Ra7 Re8 30. Rb7 Ne3+ 31. Kf2 Nd1+ 32. Kf1 Ne3+ 33.
Kf2 Nd1+ 34. Kf1 Ne3+ 1/2-1/2

[Event "42nd Olympiad 2016"]
[Site "Baku AZE"]
[Date "2016.09.10"]
[Round "8.29"]
[Board "3"]
[White "Dizdarevic, Emir"]
[Black "Andreasen, Joan Hendrik"]
[Result "1-0"]
[WhiteTitle "GM"]
[WhiteElo "2460"]
[BlackElo "2239"]
[WhiteTeam "Bosnia & Herzegovina"]
[BlackTeam "Faroe Isles"]
[WhiteFideId "14400049"]
[BlackFideId "7200110"]
[EventDate "2016.09.02"]

1. Nf3 Nf6 2. g3 g6 3. b3 Bg7 4. Bb2 O-O 5. Bg2 c5 6. c4 Nc6 7. O-O d6 8. d4
cxd4 9. Nxd4 Bd7 10. Qd2 a6 11. Re1 Rb8 12. Na3 Qc7 13. Rac1 Rfc8 14. Nac2 Qd8
15. e4 Nxd4 16. Bxd4 Ng4 17. Bxg7 Kxg7 18. Nb4 Be6 19. Qb2+ Kg8 20. Nd3 Qa5 21.
e5 Nxe5 22. Nxe5 dxe5 23. Rxe5 Qb4 24. Rxe6 fxe6 25. Bh3 Rc6 26. Qe5 Rf8 27.
Bxe6+ Rxe6 28. Qxe6+ Kg7 29. Qe5+ Kg8 30. Rd1 Qb6 31. c5 Qf6 32. Qxf6 exf6 33.
Rd6 Kg7 34. Kg2 Rf7 35. Kf3 Rc7 36. b4 a5 37. a3 axb4 38. axb4 Re7 39. h4 h5 40.
Kf4 Kf7 41. f3 Kg7 42. g4 Kf7 43. g5 f5 44. Rf6+ Kg7 45. b5 Rc7 46. c6 bxc6 47.
Rxc6 1-0

[Event "42nd Olympiad 2016"]
[Site "Baku AZE"]
[Date "2016.09.10"]
[Round "8.29"]
[Board "4"]
[White "Thorsteinsson, Sjurdur"]
[Black "Marjanovic, Dejan"]
[Result "1-0"]
[BlackTitle "FM"]
[WhiteElo "2187"]
[BlackElo "2432"]
[WhiteTeam "Faroe Isles"]
[BlackTeam "Bosnia & Herzegovina"]
[WhiteFideId "7200641"]
[BlackFideId "14402661"]
[EventDate "2016.09.02"]

1. e4 c5 2. Nf3 d6 3. d4 cxd4 4. Nxd4 Nf6 5. f3 e5 6. Bb5+ Nbd7 7. Nf5 d5 8.
exd5 a6 9. Ba4 b5 10. Bb3 Nb6 11. Ne3 Bc5 12. Nc3 Bb7 13. Qd3 O-O 14. Ne4 Nfd7
15. Nf5 g6 16. Nh6+ Kh8 17. Ng5 Qf6 18. Bd2 Qg7 19. d6 Nc4 20. Bxc4 bxc4 21.
Qxc4 Qf6 22. Ngxf7+ Rxf7 23. Nxf7+ Kg7 24. Bh6+ Kg8 25. Ng5+ Kh8 26. Qe6 Bc6 27.
Qxf6+ Nxf6 28. O-O-O Kg8 29. Rhe1 Rd8 30. Ne6 1-0

[Event "42nd Olympiad 2016"]
[Site "Baku AZE"]
[Date "2016.09.10"]
[Round "8.30"]
[Board "1"]
[White "Pelletier, Yannick"]
[Black "Weerawardane, Romesh"]
[Result "1-0"]
[WhiteTitle "GM"]
[BlackTitle "IM"]
[WhiteElo "2555"]
[BlackElo "2120"]
[WhiteTeam "Switzerland"]
[BlackTeam "Sri Lanka"]
[WhiteFideId "1301837"]
[BlackFideId "9900373"]
[EventDate "2016.09.02"]

1. c4 e5 2. g3 Nf6 3. Bg2 d5 4. cxd5 Nxd5 5. Nc3 Nb6 6. Nf3 Nc6 7. O-O Be7 8. a3
O-O 9. b4 a6 10. d3 Re8 11. Bb2 Bf8 12. Ne4 Rb8 13. Rc1 h6 14. Rxc6 bxc6 15.
Nxe5 Bb7 16. Qb3 Re6 17. Bh3 Re7 18. Nc5 Qe8 19. Qc3 Nd5 20. Qd4 f6 21. Ned7 Bc8
22. e4 Nb6 23. Be6+ Rxe6 24. Nxb8 Rd6 25. Qe3 Bh3 26. Nbxa6 Bxf1 27. Kxf1 Qc8
28. Kg2 Rd8 29. d4 Re8 30. a4 Kh8 31. Qd3 Nd7 32. Bc3 Bxc5 33. bxc5 Qb7 34. Nb4
Ra8 35. Qd1 Qa7 36. Qg4 Nf8 37. e5 fxe5 38. Nxc6 Qxa4 39. Nxe5 Qe8 40. d5 Ra3
41. Qd4 Ng6 42. Ng4 Qd7 43. c6 Nf4+ 44. Kf3 Qxd5+ 45. Kxf4 Qg5+ 46. Kf3 Qf5+ 47.
Ke3 Rxc3+ 48. Qxc3 Qxg4 49. Qe5 Qc8 50. Ke4 Qb8 51. Kf5 Kh7 52. Qe4 g6+ 53. Ke5
Qe8+ 54. Kd5 Qf7+ 55. Qe6 Qf3+ 56. Kc4 h5 57. Qe7+ Kg8 58. Qd8+ Kg7 59. Qxc7+
Kg8 60. Qd8+ Kg7 61. Qd7+ Kh6 62. c7 Qe2+ 63. Kc3 Qe5+ 64. Kd3 1-0